01682nam a2200349 i 4500003000900000005001700009007000300026008004100029020001800070040003000088082001200118100004600130245021500176264005700391300003600448336002700484337003300511338002800544500006100572500003900633500005400672504003000726590002800756700004900784710005800833910001400891942001400905952012800919952013401047952013401181999001701315DO-SdBNP20250401135255.0ta240411s2021 dr d 000 p spa d a9789945627305 aDO-SdBNPbspacBNPHUerda bJ962221 aJusto Duarte, Amaury,d1942-eautor9857513aLos fondos de pensiones. El caso dominicano :bla evolución de las relaciones jurídicas de la propiedad en el sistema capitalista contemporáneo /cAmaury Justo Duarte : prólogo Bautista López García aSanto Domingo :bUASD, bSantuario, bBúho,c2021. a161 páginasbgraficosc23 cm. 2rdacontentatextobtxt 2rdamediaasin mediaciónbn 2rdacarrieravolumenbnc aIncluye datos biografícos del autor en la página 117 aIncluye notas a pie de páginas.  a¿Estamos viviendo una nueva era del capitalismo? aBibliografía p: 159-161 aInventariado, 2024 / YL1 aLópez García, Bautistaeprólogo9851971 aUniversidad Autónoma de Santo Domingo (UASD)984760 aYLockward 2ddccLBS1 00102ddc51708PDaBNPHUbBNPHUcCTd2023-12-01eDeposito Legall0oBNPHU PD J96p2024-2105r2024-04-11w2024-04-11yLBS1 00102ddc51708PDaBNPHUbBNPHUcCTd2023-12-01eDeposito Legall0oBNPHU PD J96p2024-2106r2024-04-11te. 2w2024-04-11yLBS1 00102ddc56708DSaBNPHUbBNPHUcCTd2023-12-01eDeposito Legall0oBNPHU DS J96p2024-2107r2024-04-11te. 3w2024-04-11yLBS1 c56352d56352